000 00734nam a22002417a 4500
003 UA-OsUOA
001 44796
007 ta
008 20070313b un ||||| |||| 00| 0 ukr d
100 _aСуховірський Б.І.
090 _a332.1(477)
_bС91
942 _cBK
040 _aUA-OsUOA
_bukr
_cUA-OsUOA
_dUA-OsUOA
245 _aРегіональна стратегія економічного розвитку України (теоретичні та прикладні основи геоекономіки)
_bМонографія
300 _a154 с.
955 _a2
041 _aukr
080 _a332.1(477)
020 _a966-574-218-3
260 _aК.
_bКНЕУ
_c2000
650 7 _2UDC
999 _c330917
_d330917